00438nam a2200121Ia 4500008004100000100001500041245006200056245004700118260000900165856005000174999001900224952007300243160531s9999 xx 000 0 und d aKappas, M. aGlobal Health: A Challenge for Interdisciplinary Research cby M. Kappas, U. Gross, D. Kelleher (eds.) c2012 uhttp://www.oapen.org/search?identifier=441522 c295486d295486 001040aCLbCLd2016-05-31l0r2016-05-31 00:00:00w2016-05-31yCBE